AH International Schools' Libraries

(Khmer) Ivan and the fairy horse / (Record no. 48741)

MARC details
000 -LEADER
fixed length control field 00322nam a2200109 4500
020 ## - INTERNATIONAL STANDARD BOOK NUMBER
International Standard Book Number 9789924342045
245 ## - TITLE STATEMENT
Title (Khmer) Ivan and the fairy horse /
Statement of responsibility, etc Siet Sophep.
260 ## - PUBLICATION, DISTRIBUTION, ETC. (IMPRINT)
Place of publication, distribution, etc Cambodia:
Name of publisher, distributor, etc Sipar;
Date of publication, distribution, etc 2024.
300 ## - PHYSICAL DESCRIPTION
Extent 40 p.
Other physical details col. ill.
Dimensions 24 cm.
650 ## - SUBJECT ADDED ENTRY--TOPICAL TERM
Topical term or geographic name as entry element Russian fairytales.
Form subdivision Fiction.
9 (RLIN) 86185
942 ## - ADDED ENTRY ELEMENTS (KOHA)
Source of classification or shelving scheme
Koha item type Khmer Fic Books
Holdings
Withdrawn status Lost status Source of classification or shelving scheme Damaged status Not for loan Collection code Home library Current library Date acquired Total Checkouts Full call number Barcode Date last seen Date checked out Price effective from Koha item type
          Siem Riep Asian Hope Secondary Library Asian Hope Secondary Library 03/27/2025 11 KHMER J FIC SIE 207647 04/30/2026 04/23/2026 03/27/2025 Khmer Fic Books

For any Logos Library related questions please contact Miss Art at swongnarasuk@asianhope.org.

For any Asian Hope Library related questions please contact Miss Raza at graza@asianhope.org.

Powered by Koha